| 000 | 01755cam a22005054i 4500 | ||
|---|---|---|---|
| 003 | PE-LiUPU | ||
| 005 | 20250731173115.0 | ||
| 008 | 190320s2018 miu rb 001 0 eng d | ||
| 020 | _a0310243696 | ||
| 020 | _a9780310243694 | ||
| 035 | _a(Sirsi) a251994 | ||
| 040 |
_aPE-LiUPU _bspa _cPE-LiUPU _erda _dPE-LiUPU _erda |
||
| 049 | _aPRUA | ||
| 082 | 0 | 4 |
_a227.207 _bG25 _223 |
| 100 | 1 |
_aGardner, Paul, _eautor. |
|
| 245 | 1 | 0 |
_a1 Corinthians / _cPaul Gardner. |
| 264 | 1 |
_aGrand Rapids : _bZondervan, _c[2018]. |
|
| 300 |
_a811 páginas ; _c23 centímetros |
||
| 336 |
_atext _2rdacontent |
||
| 337 |
_aunmediated _2rdamedia |
||
| 338 |
_avolume _2rdacarrier |
||
| 490 | 0 |
_aZondervan exegetical commentary on the New Testament ; _vVolume 7 |
|
| 504 | _aBibliografía: páginas 39-52. | ||
| 504 | _aÍndice: páginas 771-811. | ||
| 505 | 0 | _aSeries introduction -- Author's preface -- Abbreviations -- Introduction -- Select bibliography -- Commentary on 1 Corinthians -- Theology of 1 Corinthians -- Scripture index -- Other ancient literature index. | |
| 526 | _aSEG42 | ||
| 526 | _aSEG41 | ||
| 526 | _aSEG40 | ||
| 526 | _aSEG39 | ||
| 526 | _aP94 | ||
| 526 | _aP87 | ||
| 526 | _aP86 | ||
| 526 | _aP85 | ||
| 526 | _aP77 | ||
| 526 | _aP76 | ||
| 526 | _aP35 | ||
| 630 | 0 | 0 |
_aBiblia. _p1Corintios _vComentarios. |
| 650 | 0 | 4 | _aCorintios. |
| 910 |
_adbm _bsag _csag _d20190320 |
||
| 942 |
_2ddc _cBOOK |
||
| 994 |
_aC0 _bPEPRU |
||
| 596 | _a1 | ||
| 999 |
_a227.207 G25 _wLC _c31252 _i80085 _f2021-11-9 _g2 _lCCODEBUL1 _mBUL _p30.00 _r0 _sY _tBOOK _u2019-3-20 _xTEOLOGIA _PP35 _0COMPRA _o.STAFF. Colección Teología _d31252 |
||
| 980 |
_81 _gALBERTO SANCHEZ Responsable de Automatización |
||